| 000 | 00514nam a2200181Ia 4500 | ||
|---|---|---|---|
| 008 | 240925s9999 xx 000 0 und d | ||
| 020 | _a201568608 | ||
| 082 | _a384.340973 DAV | ||
| 100 | _aDavid , M Litwack | ||
| 245 | 4 | _aThe E-mail Frontier: Emerging markets and evolving technologies | |
| 250 | _aNA | ||
| 260 |
_aNew Delhi: _bWiley and Sons _c,1995. |
||
| 300 |
_axiv,466p. _bNA _fInternational Edition |
||
| 500 | _aIncludes Index | ||
| 600 | _aSocial Sciences | ||
| 650 | _aSocial Sciences | ||
| 942 | _cBK | ||
| 999 |
_c4934 _d4934 |
||